[Event "Xtracon Chess Open 2019"]
[Site "Helsingor DEN"]
[Date "2019.07.21"]
[Round "2.96"]
[White "Klings, Peter"]
[Black "Bohlin, Jan"]
[Result "1-0"]
[WhiteElo "2105"]
[BlackElo "1724"]
[WhiteFideId "4631234"]
[BlackFideId "1758616"]
[EventDate "2019.07.20"]

1. e4 c5 2. Nf3 e6 3. c3 Nf6 4. Bd3 Nc6 5. O-O d5 6. e5 Nd7 7. Re1 Qc7 8. Qe2
Be7 9. h3 O-O 10. Bc2 f6 11. exf6 Nxf6 12. d3 Bd7 13. Nbd2 Rae8 14. Nb3 Bd6 15.
Be3 b6 16. d4 c4 17. Nbd2 e5 18. dxe5 Nxe5 19. Nxe5 Bxe5 20. Nf3 Qc8 21. Nxe5
Rxe5 22. Qf1 Bf5 23. Bxf5 Rxf5 24. Qe2 Ne4 25. f3 Nc5 26. Bxc5 Qxc5+ 27. Qf2 Qd6
28. Rad1 Re5 29. Rxe5 Qxe5 30. Re1 Qd6 31. Qe3 Kf7 32. Kf1 Rd8 33. Qd4 Qc5 34.
Qf4+ Kg8 35. Qg5 Qd6 36. Re7 Qf6 37. Rxg7+ Qxg7 38. Qxd8+ Kf7 39. Qxd5+ Ke7 40.
Qb7+ 1-0

[Event "Xtracon Chess Open 2019"]
[Site "Helsingor DEN"]
[Date "2019.07.21"]
[Round "2.97"]
[White "Olsen, Karsten Kierkegaard"]
[Black "Thybo, Thomas Sondergaard"]
[Result "0-1"]
[WhiteElo "1670"]
[BlackElo "2104"]
[WhiteFideId "1416944"]
[BlackFideId "1441299"]
[EventDate "2019.07.20"]

1. e4 e5 2. Nf3 Nc6 3. Bc4 Nf6 4. Nc3 Bc5 5. O-O O-O 6. a3 d6 7. h3 Be6 8. Ba2
Bxa2 9. Rxa2 d5 10. d3 dxe4 11. Nxe4 Nxe4 12. dxe4 Qxd1 13. Rxd1 Rad8 14. Re1 f6
15. Ra1 Rd7 16. Be3 Bxe3 17. Rxe3 Rfd8 18. Ree1 Nd4 19. Nxd4 Rxd4 20. Kf1 Kf7
21. Re2 c5 22. Rae1 c4 23. c3 R4d6 24. f3 Ke7 25. Rc2 Kd7 26. Kf2 Kc6 27. Ree2
Kb5 28. Ke3 Ka4 29. f4 Rd3+ 30. Kf2 exf4 31. e5 fxe5 32. Rxe5 Rd2+ 33. Re2 Rxc2
34. Rxc2 Kb3 35. Re2 Rd1 36. Kf3 Rb1 37. Re7 Rxb2 38. Rxb7+ Kxc3 39. Rxg7 a5 40.
Rxh7 a4 41. h4 Rb8 42. Kxf4 Rc8 43. Re7 Rf8+ 44. Ke4 Rg8 45. Kf3 Rh8 46. g3 Kb2
47. Rb7+ Kxa3 48. Ke4 Rd8 49. h5 c3 50. g4 c2 51. Rc7 Kb2 52. Rb7+ Kc3 53. Rc7+
Kd2 54. g5 c1=Q 55. Rxc1 Kxc1 56. h6 a3 57. g6 a2 58. g7 a1=Q 0-1

[Event "Xtracon Chess Open 2019"]
[Site "Helsingor DEN"]
[Date "2019.07.21"]
[Round "2.98"]
[White "Molvig, Henrik"]
[Black "Madsen, Svend"]
[Result "1-0"]
[WhiteTitle "CM"]
[WhiteElo "2099"]
[BlackElo "1655"]
[WhiteFideId "1402625"]
[BlackFideId "1419846"]
[EventDate "2019.07.20"]

1. d4 d5 2. c4 e6 3. Nc3 c6 4. Nf3 Nf6 5. Bg5 Be7 6. e3 dxc4 7. Bxc4 b5 8. Bd3
a6 9. O-O Bb7 10. e4 O-O 11. Qe2 Nbd7 12. e5 Nd5 13. Qe4 g6 14. Qh4 f6 15. exf6
Bxf6 16. Ne4 Qe7 17. Nxf6+ N7xf6 18. Rfe1 Rae8 19. Ne5 Qc7 20. Bh6 Ne7 21. Bxf8
Rxf8 22. Ng4 Nh5 23. Rxe6 Nf5 24. Bxf5 Rxf5 25. Nh6+ 1-0

[Event "Xtracon Chess Open 2019"]
[Site "Helsingor DEN"]
[Date "2019.07.21"]
[Round "2.99"]
[White "Lye, Sigurd"]
[Black "Skjoldager, Mikael"]
[Result "1/2-1/2"]
[WhiteElo "1593"]
[BlackElo "2076"]
[WhiteFideId "1539345"]
[BlackFideId "1434314"]
[EventDate "2019.07.20"]

1. e4 e5 2. Nf3 Nc6 3. d4 exd4 4. Nxd4 Nf6 5. Nc3 Bb4 6. Nxc6 bxc6 7. Bd3 d5 8.
exd5 cxd5 9. O-O O-O 10. Re1 c6 11. h3 h6 12. Bf4 d4 13. a3 dxc3 14. axb4 cxb2
15. Rb1 Nd5 16. Qd2 a5 17. bxa5 Nxf4 18. Qxf4 Qxa5 19. Qe4 g6 20. Qe5 Qxe5 21.
Rxe5 Ra1 22. Ree1 Ra2 23. Bc4 Ra4 24. Bb3 Rb4 25. Rxb2 c5 26. c3 Rb7 27. Ree2
Bf5 1/2-1/2

[Event "Xtracon Chess Open 2019"]
[Site "Helsingor DEN"]
[Date "2019.07.21"]
[Round "2.100"]
[White "Thaler, Toni"]
[Black "Hina, Ariza"]
[Result "1/2-1/2"]
[WhiteElo "2070"]
[BlackElo "1651"]
[WhiteFideId "1303864"]
[BlackFideId "1525441"]
[EventDate "2019.07.20"]

1. d4 d5 2. c4 e6 3. Nf3 Nf6 4. Qc2 c6 5. Bg5 Nbd7 6. e3 Be7 7. Nc3 O-O 8. O-O-O
a6 9. h4 dxc4 10. Bxc4 b5 11. Bd3 Bb7 12. Kb1 h6 13. Bxf6 Nxf6 14. Ne5 Qb6 15.
Ne4 Rfc8 16. Nxf6+ gxf6 17. Bh7+ Kg7 18. Nxf7 f5 19. Ne5 Kxh7 20. g4 Rf8 21. g5
Qc7 22. Qe2 Bd6 23. Qh5 Qg7 24. g6+ Kg8 25. Nf7 Rxf7 26. gxf7+ Kh7 27. Rhg1 Qf6
28. Rg8 Rxg8 29. fxg8=Q+ Kxg8 30. Rg1+ Kh7 31. Qe8 Bf8 32. h5 1/2-1/2

[Event "Xtracon Chess Open 2019"]
[Site "Helsingor DEN"]
[Date "2019.07.21"]
[Round "2.101"]
[White "Borrmann, Laurenz"]
[Black "Nilsson, Eskil"]
[Result "0-1"]
[WhiteElo "1623"]
[BlackElo "2053"]
[WhiteFideId "312187930"]
[BlackFideId "1716220"]
[EventDate "2019.07.20"]

1. Nf3 Nf6 2. g3 g6 3. Bg2 Bg7 4. O-O O-O 5. c4 d6 6. Nc3 Nc6 7. Rb1 a5 8. d3 e5
9. a3 Re8 10. Bg5 h6 11. Be3 Ng4 12. Bd2 f5 13. Qc1 Kh7 14. Ne1 Nf6 15. b4 axb4
16. axb4 Ne7 17. f4 c6 18. Nf3 e4 19. Ne1 d5 20. cxd5 Nexd5 21. dxe4 Nxe4 22.
Nxe4 fxe4 23. e3 Bg4 24. Rf2 Qe7 25. h3 Bd7 26. g4 Ra2 27. Bf1 h5 28. Bc4 Raa8
29. f5 gxf5 30. gxf5 Qg5+ 31. Ng2 Be5 32. Bxd5 cxd5 33. f6 Qg3 34. b5 Bxh3 35.
Kf1 Rg8 36. Bc3 Bxg2+ 37. Ke1 Ra2 0-1

[Event "Xtracon Chess Open 2019"]
[Site "Helsingor DEN"]
[Date "2019.07.21"]
[Round "2.102"]
[White "Zemlicka, Vit"]
[Black "Digernes, Mikael"]
[Result "1/2-1/2"]
[WhiteElo "1982"]
[BlackElo "1560"]
[WhiteFideId "303143"]
[BlackFideId "1544225"]
[EventDate "2019.07.20"]

1. e4 d5 2. exd5 Qxd5 3. Nc3 Qa5 4. d4 Nf6 5. Nf3 Bf5 6. Ne5 e6 7. Nc4 Qb4 8. a3
Qe7 9. Bg5 Nbd7 10. Ne3 h6 11. Bf4 Nb6 12. Nxf5 exf5+ 13. Qe2 O-O-O 14. O-O-O
Qxe2 15. Bxe2 Nbd5 16. Nxd5 Nxd5 17. Bd2 Bd6 18. g3 Nf6 19. f3 Nd5 20. c4 Nf6
21. Bd3 g6 22. Rhe1 c5 23. d5 Nd7 24. Bc3 Rhe8 25. f4 b6 26. Kd2 Re7 27. Rxe7
Bxe7 28. Re1 Bf6 29. Bxf6 Nxf6 30. h3 Re8 31. Rxe8+ Nxe8 32. g4 fxg4 33. hxg4
Nd6 34. Ke3 Kd7 35. Be2 f5 36. Bd3 Ke7 37. b3 Kf6 38. Kf3 Kg7 39. gxf5 gxf5 40.
Kg3 Kg6 41. Kh4 h5 42. Be2 Kh6 43. Bxh5 a5 44. Be2 Ne4 45. Bd3 Nd6 46. Kg3 Kg6
47. Kh3 Kh6 48. Be2 Kg6 49. Kg2 Ne4 50. Bd3 Nd6 51. Be2 Ne4 52. Bd1 Nd6 53. Be2
Ne4 1/2-1/2

[Event "Xtracon Chess Open 2019"]
[Site "Helsingor DEN"]
[Date "2019.07.21"]
[Round "2.103"]
[White "Olsson, Linus"]
[Black "Weersing, Nathan"]
[Result "1-0"]
[WhiteTitle "FM"]
[WhiteElo "2242"]
[BlackElo "1388"]
[WhiteFideId "1706098"]
[BlackFideId "467936"]
[EventDate "2019.07.20"]

1. e4 e6 2. d4 d5 3. exd5 exd5 4. Nf3 Bd6 5. c4 c6 6. c5 Bc7 7. Bd3 Nf6 8. Qe2+
Be6 9. Ng5 Qe7 10. O-O O-O 11. Re1 Re8 12. Bf5 Kh8 13. Bd2 h6 14. Nxe6 fxe6 15.
Bg6 Rf8 16. Qxe6 Qxe6 17. Rxe6 a5 18. Nc3 b6 19. h3 bxc5 20. dxc5 Ra6 21. Na4
Nbd7 22. Rae1 Bb8 23. Bd3 Ra8 24. Bc3 Ba7 25. Rxc6 Rac8 26. Rxc8 Rxc8 27. Bxa5
Bxc5 28. Nxc5 Nxc5 29. Rc1 Nfd7 30. b4 Ra8 31. bxc5 Rxa5 32. c6 Nb6 33. c7 Nc8
34. Bf5 Ra8 35. Rb1 Rxa2 36. Rb8 g6 37. Bxc8 Kg7 38. Bg4 Rc2 39. c8=Q Rxc8 40.
Rxc8 Kf6 41. Kf1 Ke5 42. Ke2 h5 43. Bf3 h4 44. Kd3 g5 45. Rc5 Kf4 46. Bxd5 g4
47. hxg4 Kxg4 48. Bf3+ Kf4 49. Ke2 h3 50. g3# 1-0

[Event "Xtracon Chess Open 2019"]
[Site "Helsingor DEN"]
[Date "2019.07.21"]
[Round "2.104"]
[White "Le Besq, Alexander"]
[Black "Brokso, Kim"]
[Result "1-0"]
[WhiteElo "2149"]
[BlackElo "1732"]
[WhiteFideId "1437089"]
[BlackFideId "1441477"]
[EventDate "2019.07.20"]

1. e4 c5 2. Nf3 g6 3. Nc3 Bg7 4. d4 cxd4 5. Nxd4 a6 6. g3 d6 7. Bg2 Nf6 8. h3
O-O 9. Be3 Nbd7 10. O-O Ne5 11. b3 Bd7 12. Nce2 Qc8 13. Kh2 Nc6 14. c4 Rb8 15.
Rc1 Nxd4 16. Nxd4 Qd8 17. Qd2 Kh8 18. Rfd1 Ne8 19. f4 e5 20. Nf3 f6 21. c5 Bc6
22. cxd6 Qd7 23. Qc2 exf4 24. Bxf4 Rf7 25. Nd4 g5 26. Nxc6 Rc8 27. e5 gxf4 28.
Bd5 fxg3+ 29. Kxg3 Rf8 30. Qc4 Qf5 31. Qg4 Qxg4+ 32. hxg4 bxc6 33. d7 Rd8 34. e6
Nc7 35. Rxc6 f5 36. Rxc7 Be5+ 37. Kh4 Bxc7 38. e7 fxg4 39. Bf7 Kg7 40. e8=Q Rxf7
41. Qe4 g3 42. Qd4+ 1-0

[Event "Xtracon Chess Open 2019"]
[Site "Helsingor DEN"]
[Date "2019.07.21"]
[Round "2.105"]
[White "Halldorsson, Tobias Kjar"]
[Black "Shehzad, Shazil"]
[Result "0-1"]
[WhiteElo "1730"]
[BlackElo "2088"]
[WhiteFideId "1464701"]
[BlackFideId "1521942"]
[EventDate "2019.07.20"]

1. e4 c5 2. Nc3 a6 3. a4 d6 4. f4 Nc6 5. Nf3 e6 6. g3 Nf6 7. Bg2 h5 8. d3 d5 9.
O-O Be7 10. Ng5 d4 11. Ne2 h4 12. Qe1 Nb4 13. Qd2 Ng4 14. c3 dxc3 15. Qxc3 Bf6
16. e5 Bxg5 17. fxg5 Qxd3 18. Qxd3 Nxd3 19. Nf4 Ngxe5 20. Rd1 Nxc1 21. Raxc1
hxg3 22. Rxc5 gxh2+ 23. Kh1 Ng4 24. Rd2 Ne3 25. Be4 Rh4 26. Rd3 Nf1 27. Rc7 Rxf4
28. Rh3 Kd8 29. Rc4 e5 30. Rd3+ Bd7 0-1

[Event "Xtracon Chess Open 2019"]
[Site "Helsingor DEN"]
[Date "2019.07.21"]
[Round "2.106"]
[White "Haubro, Sigfred"]
[Black "Gregersen, Hedin"]
[Result "1/2-1/2"]
[WhiteElo "2084"]
[BlackElo "1728"]
[WhiteFideId "1405420"]
[BlackFideId "7200226"]
[EventDate "2019.07.20"]

1. b4 d5 2. Bb2 Nf6 3. Nf3 g6 4. e3 Bg7 5. Be2 O-O 6. O-O b6 7. c4 c6 8. a4 a6
9. Na3 Bb7 10. Rc1 Nbd7 11. Qb3 Re8 12. d4 e5 13. dxe5 Ng4 14. cxd5 cxd5 15. e6
fxe6 16. Bxg7 Kxg7 17. Qc3+ Ngf6 18. Qc7 Rb8 19. Qxd8 Rexd8 20. Nd4 Re8 21. Rc7
Kf7 22. g4 Rec8 23. Rxb7 Rxb7 24. Bxa6 Rbb8 25. Bxc8 Rxc8 26. Nab5 Ke7 27. f3 e5
28. Nb3 Rc4 29. Na7 Nb8 30. Ra1 Rxb4 31. Nc1 Nfd7 32. Kf2 Ke6 33. h4 Nc5 34. a5
bxa5 35. Rxa5 Nbd7 36. Ra2 Nb6 37. Rc2 Rc4 38. Rxc4 Nxc4 1/2-1/2

[Event "Xtracon Chess Open 2019"]
[Site "Helsingor DEN"]
[Date "2019.07.21"]
[Round "2.107"]
[White "Rendlev, Niels Moller"]
[Black "Tandrup, Michael"]
[Result "0-1"]
[WhiteElo "1721"]
[BlackElo "1962"]
[WhiteFideId "1409042"]
[BlackFideId "1408356"]
[EventDate "2019.07.20"]

1. f4 e5 2. e4 d5 3. exd5 e4 4. Nc3 Nf6 5. d3 Bb4 6. Bd2 Bg4 7. Be2 Bxe2 8.
Ngxe2 exd3 9. cxd3 O-O 10. O-O c6 11. dxc6 Nxc6 12. Rf3 Re8 13. Rc1 Nd4 14. Nxd4
Qxd4+ 15. Kh1 Rac8 16. a3 Ba5 17. b4 Bb6 18. Nb5 Rxc1 19. Qxc1 Qd7 20. Nc3 h6
21. Qf1 Ng4 22. Ne4 Rxe4 23. h3 Nf6 24. dxe4 Qxd2 25. Rd3 Nxe4 26. Kh2 Qb2 27.
Qf3 Nf6 28. Qxb7 Bg1+ 29. Kh1 Qa1 30. Qf3 Bb6+ 31. Rd1 Qb2 32. Qa8+ Kh7 33. Qf3
g6 34. f5 g5 35. g4 Bc7 36. Kg1 Kg7 37. Kf1 Qc2 38. Rd3 Bb6 39. Qe2 Qc1+ 40. Qd1
Qf4+ 41. Qf3 Qc4 42. Qd1 Qa2 43. Qd2 Qa1+ 44. Qd1 Qe5 45. Qf3 Ne4 46. Rd1 Qb2
47. Rd7 Nd2+ 48. Rxd2 Qxd2 49. f6+ Kg8 0-1

[Event "Xtracon Chess Open 2019"]
[Site "Helsingor DEN"]
[Date "2019.07.21"]
[Round "2.108"]
[White "Ramkilde, Mikael"]
[Black "Horslund, Mikael"]
[Result "0-1"]
[WhiteElo "1957"]
[BlackElo "1716"]
[WhiteFideId "1439391"]
[BlackFideId "1421042"]
[EventDate "2019.07.20"]

1. e4 e5 2. Nf3 d6 3. d4 Bg4 4. dxe5 Nd7 5. exd6 Bxd6 6. Nc3 Qe7 7. Bd3 c6 8.
Qe2 O-O-O 9. h3 Bxf3 10. gxf3 Ngf6 11. Bd2 Ne5 12. O-O-O Nh5 13. Bc4 Qf6 14. Be3
Nf4 15. Qf1 Kb8 16. Rg1 Rd7 17. Rg3 Rhd8 18. a3 h5 19. h4 g6 20. Rg5 Nxf3 21.
Ra5 b6 22. Ra6 Be5 23. Rxd7 Rxd7 24. Na4 Qd6 25. Bb3 Bd4 26. c3 Bxe3+ 27. fxe3
Nd3+ 28. Kc2 Qh2+ 29. Kd1 Nc5+ 30. Kc1 Nxb3+ 0-1

[Event "Xtracon Chess Open 2019"]
[Site "Helsingor DEN"]
[Date "2019.07.21"]
[Round "2.109"]
[White "Jarlskov, Daniel Tuk Hartso"]
[Black "Rolvag, Birk Anders"]
[Result "0-1"]
[WhiteElo "1716"]
[BlackElo "1956"]
[WhiteFideId "1463896"]
[BlackFideId "1507753"]
[EventDate "2019.07.20"]

1. c4 e5 2. Nc3 Nc6 3. g3 g6 4. Bg2 Bg7 5. e3 d6 6. Nge2 Be6 7. b3 Nge7 8. d4
exd4 9. exd4 d5 10. c5 Nf5 11. Be3 Nce7 12. Bf4 c6 13. b4 O-O 14. Rb1 b5 15. O-O
h6 16. Qd2 g5 17. Be3 Nxe3 18. fxe3 f5 19. Kh1 Ng6 20. Bh3 h5 21. Qd3 g4 22. Bg2
h4 23. Kg1 Qg5 24. Nf4 Nxf4 25. exf4 Qf6 26. Rbd1 a5 27. a3 h3 28. Bh1 Rf7 29.
Rfe1 axb4 30. axb4 Rfa7 31. Qe2 Kf7 32. Qe5 Qe7 33. Qe2 Qf6 34. Qe5 Qxe5 35.
fxe5 Ra3 36. Ne2 Bh6 37. Nf4 Bxf4 38. gxf4 R8a4 39. Rb1 Rd3 40. Red1 Rxd1+ 41.
Rxd1 Rxb4 42. Kf2 Ra4 43. Kg3 Bc8 44. Kh4 Ke6 45. Bf3 gxf3 46. Kxh3 b4 47. Kg3
b3 48. h4 b2 49. h5 Ra1 50. h6 Rxd1 51. h7 Rh1 0-1

[Event "Xtracon Chess Open 2019"]
[Site "Helsingor DEN"]
[Date "2019.07.21"]
[Round "2.110"]
[White "Skovgaard, Tom"]
[Black "Opseth, Oliver"]
[Result "1-0"]
[WhiteElo "1954"]
[BlackElo "1714"]
[WhiteFideId "1406337"]
[BlackFideId "1523813"]
[EventDate "2019.07.20"]

1. e4 c5 2. Nf3 Nc6 3. Bb5 g6 4. O-O Bg7 5. Re1 a6 6. Bf1 Nf6 7. c3 d5 8. e5 Ng4
9. d4 Qc7 10. Bf4 Be6 11. h3 Nh6 12. Qd2 Ng8 13. dxc5 g5 14. Nxg5 Nxe5 15. Nxe6
fxe6 16. Qe3 Nf3+ 17. Qxf3 Qxc5 18. Qh5+ Kf8 19. Nd2 Nf6 20. Qe2 Rc8 21. Qxe6
Rc6 22. Qe3 d4 23. cxd4 Qb4 24. a3 Qa5 25. Qxe7+ Kg8 26. Nc4 Rxc4 27. Bxc4+ Qd5
28. Bxd5+ Nxd5 29. Qe6+ Kf8 30. Qe8# 1-0

[Event "Xtracon Chess Open 2019"]
[Site "Helsingor DEN"]
[Date "2019.07.21"]
[Round "2.111"]
[White "Nielsen, Jorgen Kamp"]
[Black "Christensen, Jacob Foged"]
[Result "0-1"]
[WhiteElo "1711"]
[BlackElo "1937"]
[WhiteFideId "1413279"]
[BlackFideId "1439073"]
[EventDate "2019.07.20"]

1. d4 Nf6 2. Nf3 g6 3. c4 Bg7 4. Bg5 O-O 5. Nc3 d6 6. e3 Nbd7 7. Be2 c6 8. h4
Qe8 9. e4 a6 10. Qd2 h5 11. Bh6 e5 12. Bxg7 Kxg7 13. O-O Qe7 14. Rfe1 b5 15. Bf1
Bb7 16. Ng5 Nh7 17. d5 b4 18. Ne2 Nxg5 19. hxg5 Nc5 20. Nc1 a5 21. Nb3 Nxb3 22.
axb3 c5 23. g3 Bc8 24. f3 f6 25. gxf6+ Qxf6 26. Bg2 Rh8 27. Kf2 h4 28. gxh4
Qxh4+ 29. Ke3 Qf4+ 30. Kd3 Qxd2+ 31. Kxd2 Rh2 32. Re2 Bd7 33. Ke3 g5 34. Kf2 a4
35. bxa4 Rxa4 36. Rh1 Rxh1 37. Bxh1 Ra1 38. Bg2 Ba4 39. Bf1 Rc1 40. Re1 Rc2+ 41.
Re2 Rxc4 42. Re3 Rc2+ 43. Re2 Rxe2+ 44. Bxe2 Bb3 45. Ke1 Kf7 46. Kd2 Ke7 47. Kc1
Kd7 48. Kd2 Kc7 49. Bf1 Kb6 50. Bh3 c4 51. Bg4 Kc5 52. Bh5 Kd4 53. Bg4 c3+ 54.
bxc3+ bxc3+ 55. Kc1 Bc4 56. Kd1 Bd3 57. Bh5 Ke3 58. Bg4 Be2+ 0-1

[Event "Xtracon Chess Open 2019"]
[Site "Helsingor DEN"]
[Date "2019.07.21"]
[Round "2.112"]
[White "Nielsen, Aage Sondergaard"]
[Black "Nielsen, Kai Gylling"]
[Result "1-0"]
[WhiteElo "1936"]
[BlackElo "1709"]
[WhiteFideId "1409859"]
[BlackFideId "1406400"]
[EventDate "2019.07.20"]

1. c4 e5 2. Nc3 c6 3. Nf3 Qc7 4. b3 Bb4 5. Bb2 Bxc3 6. Bxc3 d6 7. e4 Nf6 8. Bd3
Nbd7 9. Qe2 O-O 10. Rc1 Nc5 11. Bb1 Ne6 12. g3 c5 13. d3 Nd4 14. Nxd4 exd4 15.
Bd2 h6 16. Kd1 a5 17. a4 Ng4 18. h3 Ne5 19. f4 Nc6 20. Kc2 f5 21. Kb2 Bd7 22.
Rce1 Rae8 23. g4 g6 24. gxf5 Rxf5 25. Qg2 Rf6 26. Bc2 Kh7 27. Bd1 Bc8 28. Bg4
Nb4 29. Be2 Nc6 30. h4 Qf7 31. Reg1 Rg8 32. Rf1 b6 33. Rf3 Ne7 34. Rg1 Bd7 35.
Bd1 Bc6 36. Bc1 Nf5 37. Qf2 Ne7 38. Qd2 Rh8 39. Rfg3 Qf8 40. h5 Be8 41. hxg6+
Rxg6 42. Rxg6 Nxg6 43. f5 Ne5 44. Rh1 Kg8 45. Kc2 Qf6 46. Rxh6 Rxh6 47. Qxh6
Qxh6 48. Bxh6 Nc6 49. Bf4 Ne5 50. Bg5 Kf8 51. Bd8 Nd7 52. Bg4 Ne5 53. Bh3 Nd7
54. f6 Kf7 55. Bxd7 Bxd7 56. Bxb6 Kxf6 57. Bxa5 Bc6 58. Bc7 Ke6 59. Kb2 1-0

[Event "Xtracon Chess Open 2019"]
[Site "Helsingor DEN"]
[Date "2019.07.21"]
[Round "2.113"]
[White "Weersing, Abigail Riis"]
[Black "Hyldkrog, Lars"]
[Result "1/2-1/2"]
[BlackTitle "CM"]
[WhiteElo "1709"]
[BlackElo "1932"]
[WhiteFideId "460036"]
[BlackFideId "1402781"]
[EventDate "2019.07.20"]

1. d4 Nf6 2. c4 e6 3. Nf3 d5 4. g3 Bb4+ 5. Nbd2 O-O 6. Bg2 c5 7. O-O Nc6 8. a3
Bxd2 9. Qxd2 dxc4 10. dxc5 Qe7 11. Qc3 Qxc5 12. Be3 Qb5 13. Nd4 Nxd4 14. Bxd4
Qf5 15. Bxf6 Qxf6 16. Qxf6 gxf6 17. Rac1 Rd8 18. Rfd1 Rxd1+ 19. Rxd1 Kf8 20. Rd4
Rb8 21. Rxc4 Bd7 22. Rd4 Bc6 23. Bxc6 bxc6 24. b4 a5 25. bxa5 Ra8 26. a4 Rxa5
27. Kf1 Rh5 28. h4 Rc5 29. Ke1 e5 30. Rb4 Ke7 31. Kd2 Ke6 32. Kd3 f5 33. f3 Kd5
34. e4+ fxe4+ 35. fxe4+ Kd6 36. Rc4 Ra5 37. g4 h6 38. Kc3 Ra8 39. Kb4 Rg8 40. a5
Rxg4 41. a6 Rg1 42. Rc3 Ra1 43. Rd3+ Kc7 44. Rf3 Rxa6 45. Rxf7+ Kb6 46. Re7 Ra1
47. Rxe5 Rh1 48. Rh5 Re1 49. Re5 Rh1 1/2-1/2

[Event "Xtracon Chess Open 2019"]
[Site "Helsingor DEN"]
[Date "2019.07.21"]
[Round "2.114"]
[White "Overmark, Ole"]
[Black "Bremer, Erik"]
[Result "1-0"]
[WhiteElo "1765"]
[BlackElo "1444"]
[WhiteFideId "1410776"]
[BlackFideId "1411578"]
[EventDate "2019.07.20"]

1. e4 e5 2. f4 d5 3. exd5 exf4 4. Nf3 Qxd5 5. d4 Nf6 6. Bxf4 c6 7. c4 Bb4+ 8.
Nc3 Qe4+ 9. Qe2 O-O 10. Bd2 Qxe2+ 11. Bxe2 Re8 12. Kf1 Bf5 13. h3 Nbd7 14. g4
Bg6 15. Re1 Bxc3 16. Bxc3 Ne4 17. Kg2 Nxc3 18. bxc3 Nf6 19. Ne5 Be4+ 20. Bf3
Bxf3+ 21. Kxf3 Kf8 22. g5 Ng8 23. Rb1 Re7 24. Rhe1 f6 25. gxf6 Nxf6 26. Rf1 Kg8
27. Rf2 Rf8 28. Ke3 Rfe8 29. Kd3 Rd8 30. Re2 Nh5 31. Kc2 Rf8 32. Rbe1 Nf4 33.
Rh2 Rf6 34. Rf1 Rf8 35. Rhf2 g5 36. h4 h6 37. hxg5 hxg5 38. Rf3 Rh7 39. Kb3 Re8
40. Rg3 Rg7 41. a4 Re6 42. Rff3 Rh6 43. Re3 Ne6 44. Ng4 Rhg6 45. Re5 Rf7 46.
Rge3 Nf4 47. Re8+ Kg7 48. Ne5 Rgf6 49. Nxf7 Rxf7 50. R8e7 Ng6 51. Rxf7+ Kxf7 52.
a5 Kf6 53. d5 cxd5 54. cxd5 g4 55. c4 Ne5 56. d6 Kf5 57. Rxe5+ Kxe5 58. d7 1-0

[Event "Xtracon Chess Open 2019"]
[Site "Helsingor DEN"]
[Date "2019.07.21"]
[Round "2.115"]
[White "Nilsson, Patrik2"]
[Black "Weber, Andreas"]
[Result "1-0"]
[WhiteElo "1932"]
[BlackElo "1704"]
[WhiteFideId "1708112"]
[BlackFideId "24652504"]
[EventDate "2019.07.20"]

1. e4 g6 2. d4 Bg7 3. Nc3 c6 4. Bc4 d5 5. exd5 b5 6. Bb3 b4 7. Nce2 cxd5 8. Nf3
Nf6 9. O-O O-O 10. a3 bxa3 11. Rxa3 Ne4 12. Ng5 Bb7 13. Nxe4 dxe4 14. Be3 Kh8
15. c3 Nd7 16. Qa1 a6 17. Qa2 e5 18. Bxf7 exd4 19. cxd4 Nf6 20. Nf4 Ng4 21. h3
Nxe3 22. fxe3 Qg5 23. Ne6 Qg3 24. Nxf8 Bxf8 25. Qe6 Bg7 26. Rb3 Qc7 27. Rc3 Qg3
28. Qe7 Bc6 29. Rxc6 Qxe3+ 30. Kh1 Qxd4 31. Be8 1-0

[Event "Xtracon Chess Open 2019"]
[Site "Helsingor DEN"]
[Date "2019.07.21"]
[Round "2.116"]
[White "Wheat, Bob"]
[Black "Ben Porat, Tal"]
[Result "1/2-1/2"]
[WhiteElo "1702"]
[BlackElo "1928"]
[WhiteFideId "30913640"]
[BlackFideId "2804719"]
[EventDate "2019.07.20"]

1. e4 e6 2. d4 d5 3. Nd2 c5 4. Ngf3 cxd4 5. Nxd4 Nc6 6. Bb5 Bd7 7. Nxc6 bxc6 8.
Be2 Qc7 9. exd5 cxd5 10. Nf3 Nf6 11. Bg5 Ne4 12. O-O Bc5 13. Bd3 Nxg5 14. Nxg5
Qf4 15. Nf3 O-O 16. Qe2 f6 17. Rad1 Rfe8 18. Bb5 Bxb5 19. Qxb5 Bb6 20. c3 Rab8
21. Qe2 Rbd8 22. Nd4 e5 23. g3 Qg5 24. Nc6 Rc8 25. Qb5 Re6 26. Nxa7 Bxa7 27. Qd7
Bxf2+ 28. Rxf2 Ree8 29. Qxd5+ Kh8 30. Rfd2 Qe3+ 31. Kh1 e4 32. Qb7 1/2-1/2

[Event "Xtracon Chess Open 2019"]
[Site "Helsingor DEN"]
[Date "2019.07.21"]
[Round "2.117"]
[White "Voll, Oddvar U"]
[Black "Linjord, David Jess"]
[Result "1-0"]
[WhiteElo "1927"]
[BlackElo "1701"]
[WhiteFideId "1533827"]
[BlackFideId "1527690"]
[EventDate "2019.07.20"]

1. e4 e5 2. Nf3 Nc6 3. d4 exd4 4. Bc4 Nf6 5. e5 d5 6. Bb5 Ne4 7. Nxd4 Bd7 8.
Bxc6 bxc6 9. O-O Be7 10. f3 Nc5 11. Be3 Ne6 12. Nd2 Nxd4 13. Bxd4 c5 14. Bf2 c4
15. f4 O-O 16. Qf3 Bf5 17. Rac1 Qd7 18. h3 Qb5 19. g4 Bc8 20. a4 Qa5 21. Nxc4
Qxa4 22. Ne3 c6 23. c4 Bc5 24. cxd5 Bxe3 25. Bxe3 cxd5 26. Qxd5 Be6 27. Qf3 Rac8
28. f5 Bd7 29. Bc5 Rfe8 30. Qe3 a6 31. Bd4 Qb5 32. e6 fxe6 33. Qg5 g6 34. Qf6 e5
35. fxg6 Qd5 36. Qf7+ 1-0

[Event "Xtracon Chess Open 2019"]
[Site "Helsingor DEN"]
[Date "2019.07.21"]
[Round "2.118"]
[White "Kristensen, Thomas Overgaard"]
[Black "Steenstrup, Svend"]
[Result "0-1"]
[WhiteElo "1700"]
[BlackElo "1924"]
[WhiteFideId "1419803"]
[BlackFideId "1409182"]
[EventDate "2019.07.20"]

1. d4 Nf6 2. c4 g6 3. Nc3 d5 4. cxd5 Nxd5 5. Qb3 Nb6 6. Nf3 Be6 7. Qc2 Nc6 8.
Bg5 Nxd4 9. Nxd4 Qxd4 10. Rd1 Qe5 11. e3 Qxg5 12. Nb5 Bh6 13. Nxc7+ Kf8 14. Nxa8
Qa5+ 15. Qd2 Qxd2+ 16. Rxd2 Nxa8 17. a3 Nb6 18. Be2 Nc4 19. Rc2 b5 20. a4 Bf5
21. Rc1 Nxb2 22. Bxb5 Nd3+ 23. Bxd3 Bxd3 24. Rc7 Kg7 25. Kd2 Rd8 26. Rhc1 Bb5+
27. Ke1 Bxa4 28. Rxa7 Bb3 29. Rcc7 e5 30. g4 Rd1+ 31. Ke2 Rh1 32. Rab7 Be6 33.
Re7 Kf6 34. Kf3 Bd5+ 0-1